Varthamanam/ (Record no. 49184)

000 -LEADER
fixed length control field 00392nam a22001571a 4500
020 ## - INTERNATIONAL STANDARD BOOK NUMBER
International Standard Book Number 8124005648
082 ## - DEWEY DECIMAL CLASSIFICATION NUMBER
Classification number M2
Item number MAD/V
100 ## - MAIN ENTRY--PERSONAL NAME
Personal name Madhu Master
9 (RLIN) 72513
245 ## - TITLE STATEMENT
Title Varthamanam/
Statement of responsibility, etc. by Madhu Master
260 ## - PUBLICATION, DISTRIBUTION, ETC.
Place of publication, distribution, etc. Kozhikode:
Name of publisher, distributor, etc. Mulberry,
Date of publication, distribution, etc. 1998.
300 ## - PHYSICAL DESCRIPTION
Extent 80p.
650 ## - SUBJECT ADDED ENTRY--TOPICAL TERM
Topical term or geographic name entry element Drama Malayalam
9 (RLIN) 72514
650 ## - SUBJECT ADDED ENTRY--TOPICAL TERM
Topical term or geographic name entry element Literature Malayalam
9 (RLIN) 72515
650 ## - SUBJECT ADDED ENTRY--TOPICAL TERM
Topical term or geographic name entry element Literature
9 (RLIN) 72516
942 ## - ADDED ENTRY ELEMENTS (KOHA)
Koha item type Book
Holdings
Withdrawn status Lost status Source of classification or shelving scheme Damaged status Not for loan Permanent Location Current Location Shelving location Date acquired Cost, normal purchase price Total Checkouts Full call number Barcode Date last seen Cost, replacement price Price effective from Koha item type
          Sree Sankaracharya University of Sanskrit Sree Sankaracharya University of Sanskrit Stacks 08.01.2015 0.00   M2 MAD/V 006516 08.01.2015 0.00 08.01.2015 Book
          Sree Sankaracharya University of Sanskrit Sree Sankaracharya University of Sanskrit   08.01.2015 35.00   M2 MAD/V 006517 08.01.2015 0.00 08.01.2015 Book